| 000 | 00894 a2200181 4500 | ||
|---|---|---|---|
| 003 | Nust | ||
| 005 | 20221220131719.0 | ||
| 040 | _cNust | ||
| 082 | _a621.38411,DAV | ||
| 100 |
_aDavies, Kenneth. _9105369 |
||
| 245 |
_aIonospheric radio propagation / _cKenneth Davies, |
||
| 260 |
_aDover Publications _bNew York, _c1966 |
||
| 300 |
_axiv, 470 p _billus _cmaps _e22 cm |
||
| 505 | _aThe Earth Atmosphere, Geomagnetism and the Sun (Page-1), Theory of Wave Propagation (Page-45), Synoptic Studies of the Ionosphere (Page-101), Oblique Propagation (Page-159), Signal Strength (Page-217), Ionospheric Disturbance (Page-257), Ionospheric Propagation Predictions (Page-289), Setter Propagation on Very High Frequencies (Page-343), Propagation of Low and Very Low Frequency Wave (Page-393) | ||
| 600 |
_aDavies, Kenneth. _9105369 |
||
| 650 |
_aIonospheric radio propagation _9105370 |
||
| 942 |
_2ddc _cBK |
||
| 999 |
_c183232 _d183232 |
||